|
|
|
|
| LEADER |
00000nam0a2200000 4500 |
| 001 |
195869 |
| 005 |
20231101224643.0 |
| 010 |
|
|
|a 9785990256415
|
| 035 |
|
|
|a (RuTPU)RU\TPU\book\213683
|
| 090 |
|
|
|a 195869
|
| 100 |
|
|
|a 20110517d2010 km y0rusy50 ca
|
| 101 |
0 |
|
|a rus
|
| 102 |
|
|
|a RU
|
| 105 |
|
|
|a a z 001zy
|
| 200 |
1 |
|
|a Инновации: ключ на старт. Экосистема венчурных компаний посевного цикла: состояние и перспективы
|f В. Петреченко [и др.]
|
| 210 |
|
|
|a Москва
|c Компьютерра
|d 2010
|
| 215 |
|
|
|a 288 с.
|c ил.
|
| 320 |
|
|
|a Библиогр.: с. 264-281.
|
| 320 |
|
|
|a Глоссарий: с. 246-263.
|
| 330 |
|
|
|a Российская Федерация вступила на путь кардинальной модернизации национальной экономики. Стратегический инновационный курс, провозглашенный руководством страны, получил широкую поддержку граждан, ведущих политических сил страны и предпринимательского сообщества. Взамен сырьевого хозяйства Россия создает новую экономику, основанную на знаниях и компетенциях, конкурентоспособности и новых технологиях. В решении этих задач существенная роль принадлежит «умным деньгам» — венчурному капиталу. Настоящая работа основана на результатах исследования, проведенного специалистами компании «Наутех» по заказу ОАО «Российская венчурная компания». Объектом изучения стали венчурные компании посевного цикла и сопутствующая инфраструктура, включая технопарки, бизнес-инкубаторы и центры трансфера технологий. До недавнего времени в России отсутствовали точные данные о текущем состоянии инфраструктуры посевного цикла, о трудностях, с которыми сталкиваются инноваторы, а также о том, что следует сделать для устранения имеющихся проблем. Предлагаемая книга позволяет ликвидировать этот пробел и может представлять интерес для широкого круга профессионалов — технологических предпринимателей и инноваторов, ученых и инвесторов, представителей системы высшего образования и органов государственной власти.
|
| 606 |
1 |
|
|a Инновации
|2 stltpush
|3 (RuTPU)RU\TPU\subj\67423
|9 83236
|
| 610 |
1 |
|
|a инвестиционная деятельность
|
| 610 |
1 |
|
|a инвестиционная политика
|
| 610 |
1 |
|
|a стратегические инновации
|
| 610 |
1 |
|
|a экономика знаний
|
| 610 |
1 |
|
|a новые технологии
|
| 610 |
1 |
|
|a конкурентоспособность
|
| 610 |
1 |
|
|a конкурентоспособная экономика
|
| 610 |
1 |
|
|a венчурный капитал
|
| 610 |
1 |
|
|a технопарки
|
| 610 |
1 |
|
|a бизнес-инкубаторы
|
| 610 |
1 |
|
|a трансфер технологий
|
| 610 |
1 |
|
|a Российская Федерация
|
| 686 |
|
|
|a У9(2)0-551
|v LBC/SL-A
|2 rubbk
|
| 701 |
|
1 |
|a Петреченко
|b В.
|
| 701 |
|
1 |
|a Митин
|b Ю.
|
| 701 |
|
1 |
|a Коростылева
|b О.
|
| 701 |
|
1 |
|a Корякина
|b О.
|
| 701 |
|
1 |
|a Дьяченко
|b О.
|
| 801 |
|
1 |
|a RU
|b 63413507
|c 20110517
|
| 801 |
|
2 |
|a RU
|b 63413507
|c 20150514
|g RCR
|
| 942 |
|
|
|c BK
|